History Quiz

Random History Quiz

2015 General Election - Winning Lib Dem MPs Quiz Stats

 Plays Quiz not verified by Sporcle

Challenge
Share
Tweet
Embed
Score 0/8 Timer 10:00
0 Plays Today
Hint Answer % Correct
Sheffield HallamNick Clegg
98.4%
Westmorland & LonsdaleTim Farron
96.8%
North NorfolkNorman Lamb
84.7%
Orkney & ShetlandAlastair Carmichael
75.8%
Carshalton & WallingtonTom Brake
66.9%
Leeds North WestGreg Mulholland
61.3%
SouthportJohn Pugh
57.3%
CeredigionMark Williams
52.4%

You're not logged in!

Compare scores with friends on all Sporcle quizzes.
Join for Free
OR
Log In

You Might Also Like...

Show Comments

Extras

Created May 12, 2015ReportNominate
Tags:2015, dem, election, lib, mps, winning

Top Quizzes Today


Score Distribution

Your Account Isn't Verified!

In order to create a playlist on Sporcle, you need to verify the email address you used during registration. Go to your Sporcle Settings to finish the process.

Report this User

Report this user for behavior that violates our Community Guidelines.

Details: